|
|
|
|
| LEADER |
00000cam a22000004a 4500 |
| 001 |
musev2_23969 |
| 003 |
MdBmJHUP |
| 005 |
20230905042542.0 |
| 006 |
m o d |
| 007 |
cr||||||||nn|n |
| 008 |
130115s2013 pau o 00 0 eng d |
| 020 |
|
|
|a 9781439909119
|
| 020 |
|
|
|z 9781439909102
|
| 020 |
|
|
|z 1439909091
|
| 020 |
|
|
|z 1439909113
|
| 020 |
|
|
|z 9781439909096
|
| 035 |
|
|
|a (OCoLC)824359855
|
| 040 |
|
|
|a MdBmJHUP
|c MdBmJHUP
|
| 100 |
1 |
|
|a Kedar, Claudia,
|d 1968-
|e author.
|
| 245 |
1 |
4 |
|a The International Monetary Fund and Latin America :
|b The Argentine Puzzle in Context /
|c Claudia Kedar.
|
| 264 |
|
1 |
|a Philadelphia, Pennsylvania :
|b Temple University Press,
|c [2013]
|
| 264 |
|
3 |
|a Baltimore, Md. :
|b Project MUSE,
|c 2013
|
| 264 |
|
4 |
|c ©[2013]
|
| 300 |
|
|
|a 1 online resource (264 pages).
|
| 336 |
|
|
|a text
|b txt
|2 rdacontent
|
| 337 |
|
|
|a computer
|b c
|2 rdamedia
|
| 338 |
|
|
|a online resource
|b cr
|2 rdacarrier
|
| 505 |
0 |
|
|a Introduction -- 1. Multilateralism from the Margins: Latin America and the Founding of the IMF, 1942-1945 -- 2. It Takes Three to Tango: Argentina, the Bretton Woods Institutions, and the United States, 1946-1956 -- 3. Dependency in the Making: The First Loan Agreement and the Consolidation of the Formal Relationship with the IMF, 1957-1961 -- 4. Fluctuations in the Routine of Dependency: Argentine-IMF Relations in a Decade of Political Instability, 1962-1972 -- 5. All Regimes Are Legitimate: The IMF's Relations with Democracies and Dictatorships, 1973-1982 -- 6. Routine of Dependency or Routine of Detachment? Looking for a New Model of Relations with the IMF -- Conclusions.
|
| 520 |
|
|
|a "The International Monetary Fund (IMF) has played a critical role in the global economy since the postwar era. But, claims Claudia Kedar, behind the strictly economic aspects of the IMF's intervention, there are influential interactions between IMF technocrats and local economists -- even when countries are not borrowing money. In The International Monetary Fund and Latin America, Kedar seeks to expose the motivations and constraints of the operations of both the IMF and borrowers. With access to never-before-seen archive materials, Kedar reveals both the routine and behind-the-scenes practices that have depicted International Monetary Fund-Latin American relations in general and the asymmetrical IMF-Argentina relations in particular. Kedar also analyzes the "routine of dependency" that characterizes IMF-borrower relations with several Latin American countries such as Chile, Peru, and Brazil. The International Monetary Fund and Latin America shows how debtor countries have adopted IMF's policies during past decades and why Latin American leaders today largely refrain from knocking at the IMF's doors again."--Provided by publisher.
|
| 546 |
|
|
|a English.
|
| 588 |
|
|
|a Description based on print version record.
|
| 610 |
2 |
7 |
|a International Monetary Fund.
|2 fast
|0 (OCoLC)fst00556666
|
| 610 |
2 |
0 |
|a International Monetary Fund
|z Argentina.
|
| 650 |
|
7 |
|a International economic relations.
|2 fast
|0 (OCoLC)fst00976891
|
| 650 |
|
7 |
|a Financial crises.
|2 fast
|0 (OCoLC)fst00924607
|
| 650 |
|
7 |
|a Economic policy.
|2 fast
|0 (OCoLC)fst00902025
|
| 650 |
|
7 |
|a Debts, External.
|2 fast
|0 (OCoLC)fst00888828
|
| 650 |
|
7 |
|a POLITICAL SCIENCE
|x Comparative Politics.
|2 bisacsh
|
| 650 |
|
7 |
|a BUSINESS & ECONOMICS
|x Banks & Banking.
|2 bisacsh
|
| 650 |
|
6 |
|a Dettes exterieures
|z Argentine.
|
| 650 |
|
0 |
|a Debts, External
|z Argentina.
|
| 650 |
|
0 |
|a Financial crises
|z Argentina
|x History.
|
| 651 |
|
7 |
|a Argentina.
|2 fast
|0 (OCoLC)fst01205614
|
| 651 |
|
0 |
|a Argentina
|x Economic policy.
|
| 651 |
|
0 |
|a Argentina
|x Foreign economic relations.
|
| 655 |
|
7 |
|a History.
|2 fast
|0 (OCoLC)fst01411628
|
| 655 |
|
7 |
|a Electronic books.
|2 local
|
| 710 |
2 |
|
|a Project Muse.
|e distributor
|
| 830 |
|
0 |
|a Book collections on Project MUSE.
|
| 856 |
4 |
0 |
|z Texto completo
|u https://projectmuse.uam.elogim.com/book/23969/
|
| 945 |
|
|
|a Project MUSE - Custom Collection
|
| 945 |
|
|
|a Project MUSE - 2013 Political Science and Policy Studies
|
| 945 |
|
|
|a Project MUSE - 2013 Latin American and Caribbean Studies
|
| 945 |
|
|
|a Project MUSE - 2013 Complete
|